The effects of standardized testing /

Bibliographic Details
Main Author: Kellaghan, Thomas
Other Authors: Madaus, George F., Airasian, Peter W.
Format: Book
Language:English
Published: Boston : Kluwer-Nijhoff Pub., [1982]
Series:Evaluation in education and human services.
Subjects:

MARC

Tag First Indicator Second Indicator Subfields
LEADER 00000pam a2200000 a 4500
001 in00000074101
005 20151008060158.0
008 810803s1982 mau b 00110 eng
010 |a  81013676  
020 |a 0898380766 
035 |a (OCoLC)07732589 
035 |9 AAJ5265AM 
039 0 |a 2  |b 3  |c 3  |d 3  |e 3 
040 |a DLC  |c DLC  |d TXA  |d UtOrBLW 
049 |a TXAM  |c [952081] 
050 0 0 |a LB3051  |b .K188 
082 0 |a 371.2/62  |2 19 
100 1 |a Kellaghan, Thomas. 
245 1 4 |a The effects of standardized testing /  |c Thomas Kellaghan, George F. Madaus, Peter W. Airasian. 
264 1 |a Boston :  |b Kluwer-Nijhoff Pub.,  |c [1982] 
264 4 |c ©1982 
300 |a xiii, 284 pages ;  |c 24 cm. 
336 |a text  |b txt  |2 rdacontent 
337 |a unmediated  |b n  |2 rdamedia 
338 |a volume  |b nc  |2 rdacarrier 
490 1 |a Evaluation in education and human services 
500 |a Includes indexes. 
504 |a Bibliography: pages 263-273. 
650 0 |a Educational tests and measurements. 
700 1 |a Madaus, George F. 
700 1 |a Airasian, Peter W. 
830 0 |a Evaluation in education and human services. 
999 |a MARS 
999 f f |s aef8ebeb-1ce2-345c-aba4-21b6a204e047  |i d7e5a33f-c6da-3d0e-894c-b7fecc9175b2  |t 0 
952 f f |p normal  |a Texas A&M University  |b College Station  |c Sterling C. Evans Library  |d Evans: Library Stacks  |t 0  |e LB3051 .K188  |h Library of Congress classification  |i unmediated -- volume  |m A14806162807 
998 f f |a LB3051 .K188  |t 0  |l Evans: Library Stacks